00482nam a2200193 a 4500001001300000003000900013005001700022008004100039020001000080082001600090100001500106245003800121260003300159300000900192500003500201505001500236650002200251700001500273nice12345678IN_TiNIC20260116011312.0050524s1889 beia grd 000 0 ara  ac10000a492.73bLAM aLammens, H aFaraidul Lughat, Arabic Synonymes aBeirutbCatholic Pressc1889 a527p aincludes index and biblioraphy2 aVocabulary aDictionary-Arabic1 aLammens, H